| 000 | 00408nam a2200145Ia 4500 | ||
|---|---|---|---|
| 008 | 220803s9999 xx 000 0 und d | ||
| 020 | _a9781401811549 | ||
| 041 | _aeng | ||
| 082 | _a712.094 SIC | ||
| 100 |
_aSiciliano P C _927414 |
||
| 245 | _aLandscape Interpretations : History Techniques And Design Inspiration | ||
| 260 |
_aNew York _bThomson Delmar Learning _c2005 |
||
| 300 | _a310p | ||
| 500 | _aLANDS | ||
| 999 |
_c17472 _d17472 |
||